|
000
|
01091nam0 2200241 45
|
|
001
|
191675
|
|
005
|
20151208192742.0
|
|
010
|
|
@a978-7-115-38724-0@dCNY88.00
|
|
100
|
|
@a20151203d2015 em y0chiy50 ea
|
|
101
|
0
|
@achi
|
|
102
|
|
@aCN@b110000
|
|
105
|
|
@ay z 000yy
|
|
106
|
|
@ar
|
|
200
|
1
|
@a户外旅行终极指南@AHu Wai Lu^ Heng Zhong Ji Zhi Na@f(英)德瑞克著@f(Drake,P.G.)著
|
|
210
|
|
@a北京@c人民邮电出版社@d2015
|
|
215
|
|
@a247页@d26cm
|
|
314
|
|
@a彼得·G.德瑞克曾领导或参与过36次远途旅行,足迹遍布五大洲的55个国家。
|
|
330
|
|
@a全书共8章,包括“计划和准备”“基本装备”“导航”“旅行”“扎营技术”“营养与食物”“人与环境”“急救”等,为户外运动爱好者介绍了野外旅行的各种类型,旅行、探险和远足时必备的安全常识、急救常识,和野营、旅行时的各种生存技能,尤其是在没有现代化工具的情况下如何利用自然本身和原始技术取火、取永、觅食、制造工具、加工食物等,以在极端恶劣的自然环境中生存下来。
|
|
606
|
0
|
@a野外@AYe Wai@x生存@x基本知识
|
|
690
|
|
@aG89@v5
|
|
701
|
1
|
@a德瑞克@ADe Rui Ke@g(Drake,P.G.)@4著
|
|
801
|
2
|
@aCN@bCDNYKJZYXY@c
|
|
905
|
|
@aCDNYKJZYXY@b480846-8@dG89@e187@f3
|
|
|
|
|
| |
| 户外旅行终极指南/(英)德瑞克著/(Drake,P.G.)著.-北京:人民邮电出版社,2015 |
| 247页;26cm |
| |
| |
| ISBN 978-7-115-38724-0:CNY88.00 |
| 全书共8章,包括“计划和准备”“基本装备”“导航”“旅行”“扎营技术”“营养与食物”“人与环境”“急救”等,为户外运动爱好者介绍了野外旅行的各种类型,旅行、探险和远足时必备的安全常识、急救常识,和野营、旅行时的各种生存技能,尤其是在没有现代化工具的情况下如何利用自然本身和原始技术取火、取永、觅食、制造工具、加工食物等,以在极端恶劣的自然环境中生存下来。 |
| ● |
正题名:户外旅行终极指南
索取号:G89/187
 
预约/预借